İçeriği atla
Inicio
Centros participantes
Catálogo
Servicios
Contacto
Giriş
English
Deutsch
Español
Français
Italiano
日本語
Nederlands
Português
Português (Brasil)
中文(简体)
中文(繁體)
Türkçe
עברית
Gaeilge
Cymraeg
Ελληνικά
Català
Euskara
Русский
Čeština
Suomi
Svenska
polski
Dansk
slovenščina
اللغة العربية
বাংলা
Galego
Tiếng Việt
Hrvatski
हिंदी
Հայերէն
Українська
Sámegiella
Dil
Tüm Alanlar
Materyal Adı
Yazar
Konu
Yer Numarası
ISBN/ISSN
Etiket
Ara
Gelişmiş
Unamuno
Alıntıla
E-posta Gönder
Yazdır
Kaydı İhraç Et
İhraç Et RefWorks
İhraç Et EndNoteWeb
İhraç Et EndNote
Favorilerime ekle
Kalıcı bağlantı
İlk derecelendirmeyi ekleyin
Unamuno
Kaydedildi:
Detaylı Bibliyografya
Yazar:
Ferrater Mora, José
Materyal Türü:
Kitap
Dil:
Undetermined
Baskı/Yayın Bilgisi:
Buenos Aires, Argentina
Losada
1944
Konular:
FILOSOFÍA
Etiketler:
Etiketle
Etiket eklenmemiş, İlk siz ekleyin!
Erişim Bilgileri
Diğer Bilgiler
Yorumlar
Benzer Materyaller
MARC Görünümü
MARC
LEADER
00000nam a2200000Ia 4500
008
170316s9999 xx 000 0 und d
090
|a
100 F-11u
100
|a
Ferrater Mora, José
245
|a
Unamuno
260
|a
Buenos Aires, Argentina
260
|b
Losada
260
|c
1944
300
|a
191 páginas
650
|a
FILOSOFÍA
999
|c
16140
|d
16140
040
|a
cru BVZT
942
|c
15 D
|h
100 F-11u
|2
z
Benzer Materyaller
Unamuno e hispanoamérica
Yazar:: Barahona Jiménez, Luis
Baskı/Yayın Bilgisi: (1965)
Conferencias en homenaje a Miguel Unamuno
Baskı/Yayın Bilgisi: (1966)
La ontología de Miguel de Unamuno
Yazar:: Meyer, Francois
Baskı/Yayın Bilgisi: (1962)
Presencia de Unamuno en Costa Rica
Yazar:: Malavassi Vargas, José Guillermo
Baskı/Yayın Bilgisi: (1958)
Estructura de la filosofía de Unamuno N°16
Yazar:: Juárez-Paz, Rigoberto
Baskı/Yayın Bilgisi: (1959)